000
00282nam a2200109Ia 4500
008
220204s9999 xx 000 0 und d
082
_a
331.5
_b
CAR;1
245
0
_a
Misfits in industry
260
_a
New York
_b
Medical and Scientific
_c
1978
700
_a
CARONE, Pasquala A
942
_c
BK
999
_c
31359
_d
31359